00485nam a22001697a 450000500170000001000150001702000260003203500130005803700130007108200120008410000170009624500330011326000410014627000610018730000210024850000460026920161206105019.0 aENG-116289 a9788180902093c600.00 aEN-99821 bDBAD/PUB a954.021 aQanungo,K.R. aSher Shah /cby K.R. Qanungo aDelhibBhartiya Kala Prakashanc2014 a3421-A,IInd Floor Narang Colony,Tri NagarbDelhie110035 a300p. c21cm(Hb) aIncludes bibliographical references index